Constitutionalism, International Law & Public Policy: (Record no. 210891)
[ view plain ]
| 000 -LEADER | |
|---|---|
| fixed length control field | 00765nam a22002057a 4500 |
| 005 - DATE AND TIME OF LATEST TRANSACTION | |
| control field | 20250409101253.0 |
| 010 ## - LCCN (DPL NO) | |
| LC control number | ENG-144548 |
| 020 ## - INTERNATIONAL STANDARD BOOK NUMBER | |
| International Standard Book Number | 9789354730474 |
| Terms of availability | 600.00 |
| 035 ## - SYSTEM CONTROL NUMBER | |
| System control number | EN-128080 |
| 037 ## - SOURCE OF ACQUISITION | |
| Source of stock number/acquisition | DBAD |
| 082 ## - DEWEY DECIMAL CLASSIFICATION NUMBER | |
| Classification number | 341 |
| 245 ## - TITLE STATEMENT | |
| Title | Constitutionalism, International Law & Public Policy: |
| Remainder of title | 2021 Ahead/ |
| Statement of responsibility, etc | Edited By Sourabh Ubale Omar Vera Muniz [and] Eduardo Rezkalah |
| 260 ## - PUBLICATION, DISTRIBUTION, ETC. (IMPRINT) | |
| Place of publication, distribution, etc | Pune |
| Name of publisher, distributor, etc | Marathwada Mitra Mandal's Shankarrao Chavan law College |
| Date of publication, distribution, etc | 2021 |
| 270 ## - ADDRESS | |
| Address | Marathwada Mitra Mandal's Shankarrao Chavan law College |
| City | Pune |
| 300 ## - PHYSICAL DESCRIPTION | |
| Extent | 236p. |
| Dimensions | 19cm(pb) |
| 700 ## - ADDED ENTRY--PERSONAL NAME | |
| Personal name | Sourabh Ubale |
| 9 (RLIN) | 56658 |
| Relator term | Editor |
| 700 ## - ADDED ENTRY--PERSONAL NAME | |
| Personal name | Omar Vera Muniz [and] |
| Relator term | Editor |
| 9 (RLIN) | 80468 |
| 700 ## - ADDED ENTRY--PERSONAL NAME | |
| Personal name | Eduardo Rezkalah |
| Relator term | Editor |
| 9 (RLIN) | 80469 |
| 942 ## - ADDED ENTRY ELEMENTS (KOHA) | |
| Source of classification or shelving scheme | Dewey Decimal Classification |
| Item type | English Books |
| Classification part | 341 |
| Call number suffix | CON |
| Withdrawn status | Lost status | Not for loan | Collection code | Home library | Current library | Date acquired | Source of acquisition | Cost, normal purchase price | Full call number | Barcode | Copy number | Cost, replacement price | Koha item type |
|---|---|---|---|---|---|---|---|---|---|---|---|---|---|
| Not For Loan | Non-fiction | Patel Nagar | Patel Nagar | 09/04/2025 | Delivery of Books Act Division | 600.00 | 341 CON | EN-128080 | 1 | 600.00 | English Books |
